| 000 | 00538nam a2200145Ia 4500 | ||
|---|---|---|---|
| 008 | 170221s9999 xx 000 0 und d | ||
| 100 | _aKomal S. Karani | ||
| 245 | 4 | _aThe effect of order of prices on customers’ confidence levels | |
| 245 | _cKomal S. Karani, Lamar University; Katherine Fraccastoro, Lamar University; Jeremy Shelton, Lamar University. | ||
| 260 | _bJournal of Management and Marketing Research | ||
| 260 | _c2012 | ||
| 300 | _a10 : 2 | ||
| 650 | _xBusiness | ||
| 856 | _uhttp://www.aabri.com/manuscripts/131495.pdf | ||
| 999 |
_c311687 _d311687 |
||